000
00333 a2200157 4500
001
164395
020
_a
040
_c
Magnum
100
_a
Ferreira, Roberto Martins
240
1
0
_a
Sociologia da educacao
_l
por
245
1
0
_a
Sociologia da educacao
362
0
_a
1899
440
1
_a
Moderna
697
_a
SOCIOLOGIA
942
_c
BK
999
_c
164395
_d
164395